Waste management : International soild waste association

Kaydedildi:
Detaylı Bibliyografya
Materyal Türü: Kitap
Dil:Undetermined
Baskı/Yayın Bilgisi: [New York]
Konular:
Etiketler: Etiketle
Etiket eklenmemiş, İlk siz ekleyin!
Thư viện lưu trữ: Trung tâm Học liệu Trường Đại học Cần Thơ
LEADER 00518nam a2200157Ia 4500
001 CTU_142088
008 210402s9999 xx 000 0 und d
082 |a 363.72 
082 |b W323 
245 0 |a Waste management : 
245 0 |b International soild waste association 
260 |a [New York] 
650 |a Hazardous wastes,Chất thải độc hại,Mangrove plants,Trồng cây đước 
650 |x Management,Quản lý 
904 |i Tuyến 
980 |a Trung tâm Học liệu Trường Đại học Cần Thơ